000
00238nam a2200097Ia 4500
005
20251222114411.0
008
251222s1900||||xx |||||||||||||| ||spa||
082
_a
DVD0093/C76/2006
245
0
_a
Sexualidad: verdad y significado:
942
_c
DVD
999
_c
2056
_d
2056